Rejisorluğun üslub problemləri (Record no. 420)

MARC details
000 -LEADER
fixed length control field 01810nam a22003377a 4500
003 - CONTROL NUMBER IDENTIFIER
control field OSt
005 - DATE AND TIME OF LATEST TRANSACTION
control field 20260512102405.0
008 - FIXED-LENGTH DATA ELEMENTS--GENERAL INFORMATION
fixed length control field 260512b |||||||| |||| 00| 0 aze d
040 ## - CATALOGING SOURCE
Original cataloging agency AZ-XaKU
Language of cataloging aze
Transcribing agency AZ-XaKU
041 ## - LANGUAGE CODE
Language code of text/sound track or separate title aze
050 04 - LIBRARY OF CONGRESS CALL NUMBER
Classification number PN1998.3 .D12 .P9406 2010
100 1# - MAIN ENTRY--PERSONAL NAME
Personal name Dadaşov, Aydın
Titles and words associated with a name professor,
Dates associated with a name 1952 - 2017,
Relator term müəllif.
245 1# - TITLE STATEMENT
Title Rejisorluğun üslub problemləri
Remainder of title Cənnət Səlimovanın yaradıcılığı əsasında
Statement of responsibility, etc. / Aydın Dadaşov
264 ## - PRODUCTION, PUBLICATION, DISTRIBUTION, MANUFACTURE, AND COPYRIGHT NOTICE
Place of production, publication, distribution, manufacture Bakı:
Name of producer, publisher, distributor, manufacturer Elm və təhsil,
Date of production, publication, distribution, manufacture, or copyright notice 2010.
300 ## - PHYSICAL DESCRIPTION
Extent 240 səhifə ;
Other physical details şəkilli ;
Dimensions 21 sm.
336 ## - CONTENT TYPE
Content type term text
Content type code txt
Source rdacontent
337 ## - MEDIA TYPE
Media type term unmediated
Media type code n
Source rdamedia
338 ## - CARRIER TYPE
Carrier type term volume
Carrier type code nc
Source rdacarrier
520 ## - SUMMARY, ETC.
Summary, etc. Əməkdar incəsənət xadimi, dövlət mükafatı laureatı, filologiya elmləri doktoru, professor Aydın Ərşad oğlu Dadaşovun "Rejissorluğun üslub problemləri" (Cənnət Səlimovanın yaradıcılığı əsasında) monoqrafiyasında peşəkar teatr rejissorunun yaradıcılıq laboratoriyası ilk dəfə olaraq sistemli şəkildə təhlilə cəlb edilir. Kitabın sonunda Azərbaycan respublikasının xalq artisti, ADMİU-nun professoru 70 illik ömrünün, 50 ildən çoxunu səhnə sənətinə həsr etməklə yüzdən artıq tamaşaya quruluş vermiş Cənnət Səlimovanın yaradıcılığını araşdıran bu kitabın mütəxəssislərlə birgə geniş oxucu marağına da səbəb olacağı zənnindəyik.<br/>
521 ## - TARGET AUDIENCE NOTE
Target audience note Ümumi oxucu kütləsi
546 ## - LANGUAGE NOTE
Language note aze
600 ## - SUBJECT ADDED ENTRY--PERSONAL NAME
Source of heading or term AZ-XaKU
650 #7 - SUBJECT ADDED ENTRY--TOPICAL TERM
Topical term or geographic name entry element Rejissorluq sənəti
Source of heading or term AZ-XaKU
655 ## - INDEX TERM--GENRE/FORM
Genre/form data or focus term Monoqrafiya
700 1# - ADDED ENTRY--PERSONAL NAME
Personal name Məmmədova, Rəna,
Relator term Elmi redaktor.
700 1# - ADDED ENTRY--PERSONAL NAME
Personal name Xanoğlan, Vəfa,
Relator term redaktor.
700 1# - ADDED ENTRY--PERSONAL NAME
Personal name Əlizadə, Məryəm,
Relator term rəyçi.
700 1# - ADDED ENTRY--PERSONAL NAME
Personal name Qazızadə, İlham,
Relator term rəyçi.
942 ## - ADDED ENTRY ELEMENTS (KOHA)
Koha item type Book
Holdings
Withdrawn status Lost status Source of classification or shelving scheme Damaged status Not for loan Collection Home library Current library Date acquired Total checkouts Full call number Barcode Date last seen Copy number Price effective from Koha item type
    Library of Congress Classification     Fine Arts Collection Karabakh University Main Library Karabakh University Art Library 05/12/2026   PN1998.3 .D12 .P9406 2010 0000001196 05/12/2026 1 05/12/2026 Book